01250nam a2200313 a 45000010008000000030004000080050017000120080041000290100017000700350012000870400019000990430012001180500023001300820016001531000024001692450133001932600108003263000024004343360026004583370028004843380027005124400041005394900081005805040041006616500032007026500060007346500060007948300082008543269233OSt20260430111440.0810902s1979 nyu b 000 0 eng  a 81178056  a3269233 aDLCcIRDPdDLC ad------00aHQ1870.9b.S7 197900a305 STA2191 aSTAUDT ,KATHLEEN A.10aWOMEN AND PARTICIPATION IN RURAL DEVELOPMENTbA FRAMEWORK FOR PROJECT DESIGN AND PLICY-ORIENTED REEARCHcKATHLEEN A. STAUDT aITHACA NEW YORK. :bRURAL DEVELOPMENT COMMITEE CENTER INTERNATIONAL STUDIES CORNELL UNIVERSITYc1979. aii, 78 p. ;c28 cm. atextbtxt2rdacontent aunmediatedbn2rdamedia avolumebnc2rdacarrier 0aRural development monograph ;vno. 41 aOccasional papers / Rural Development Committee, Cornell University ;vno. 8 aIncludes bibliographical references. 0aWomen in rural development. 0aRural womenzDeveloping countriesxEconomic conditions. 0aSex discrimination against womenzDeveloping countries. 0aOccasional papers (Cornell University. Rural Development Committee) ;vno. 8.